000 00854nam a2200241Ia 4500
003 OSt
005 20220923221356.0
006 a|||||r|||| 00| 0
007 ta
008 220922b |||||||| |||| 00| 0 hin d
024 _a197,478
037 _cTextual
040 _aARTS
_cARTS
_bhin
041 _2hin
_ahin
082 _aO152,8x, N2
100 _aअग्रवाल, गिरिराज शरण
245 0 _a1992 की श्रेष्ठ हास्य व्यंग्य रचनाएं
246 _a1992 kī shreṣhṭha hāsya vyangya rachanāean
260 _aदिल्ली
_b हिन्दी साहित्य निकेतन
_c1992
300 _a176पृ.
_ccm.
942 _hO152,8x, N2
_cTEXL
_2CC
999 _c349349
_d349349